02347nkc a2200337za 450000100060000000300040000600500170001000700070002700800410003404000240007510000330009924500440013226000240017630001020020050002540030250001930055650000650074950001340081450001690094850400520111750500440116951001510121351002100136456101310157461000380170565100190174365500320176270000530179485200120184785601500185984524OSt20260323092435.0kh boc250410s19101911sp ||||| ||||||0| i|spa d aM-RABAbspacM-RABA1 aElorza, Lorenzod(1861-1931)10aLeorzab: Puerta de la iglesiac/ L. E. c[ca. 1910 – 1911] a1 fotografía b: gelatina de platac; imagen 12 x 16,5 cmc; soportes secundario 21,5 x 26,5 cm aVista de la portada de la iglesia parroquial de Santa Eufemia en Leorza, que presenta arco apuntado con cuatro arquivoltas, la segunda y cuarta con decoración de ajedrezado al igual que la imposta. Un joven figura sentado en la escalera de acceso. aFotografía montada sobre soporte secundario de cartulina azul enmarcada con orla en relieve. Título y numeración manuscrita que hace referencia a la posición en la serie “105”. aSello con monograma del fotógrafo en tinta roja “L.E.” aFechas tomadas de la ejecución del positivo de las fotografías, incluido el soporte secundario. (Soto Madrazo, Javier. 2008). aForma parte de un conjunto de 167 fotografías empleadas por Federico Baráibar Zumárraga para la elaboración del Inventario del Románico en Álava (1911). aBaraibar, F.: "Rincones artísticos", M. 1914. aLeorza.- Puerta de la Iglesia. / L. E.  aDescripción tomada de: Soto Madrazo, Javier (2008). Federico Baraibar y el Inventario del Románico en Álava: una caja con 167 fotografías. aEsta colección fue utilizada posteriormente por Cristóbal de Castro para la elaboración y publicación del "Catálogo Monumental de España: provincia de Álava", Madrid, S. de Rivadeneira, 1915. aDonadas junto con la memoria manuscrita a la Academia por el mismo Baraibar (Sesión 12 de febrero de 1912, Archivo: 4-32-1).27aIglesia de Santa Eufemia (Leorza) 7aÁlava2embne 0aFotografías de monumentos1 aBaráibar y Zumárraga, Federico d(1851-1918) jFot-214 3Fot-214uhttps://archivoybiblioteca.realacademiabellasartessanfernando.com/cgi-bin/koha/opac-retrieve-file.pl?id=db13baaf1829e0ff601d7f5ed378db3b